Statistics for Města a městyse okresu Domažlice

Click here to take the quiz!

General Stats

  • This quiz has been taken 23 times
    (21 since last reset)
  • The average score is 4 of 10

Answer Stats

Počet
obyvatel
ObecStatus% Correct
10 749DomažliceMěsto
100%
4 839Horšovský TýnMěsto
62%
1 512PoběžoviceMěsto
54%
5 088KdyněMěsto
46%
3 307StaňkovMěsto
38%
1 731Bělá nad RadbuzouMěsto
31%
1 326Klenčí pod ČerchovemMěstys
31%
1318HostouňMěsto
15%
1 003KolovečMěstys
15%
779VšerubyMěstys
8%

Score Distribution

Percentile by Number Answered

Percent of People with Each Score

Your Score History

You have not taken this quiz since the last reset